Opportunity in world market for the Thai rubber glove manufacturers who use innovative production (Record no. 64408)

MARC details
000 -LEADER
fixed length control field 00435nam a2200145Ia 4500
100 ## - MAIN ENTRY--AUTHOR NAME
Personal name Panphim Somprathana
245 #0 - TITLE STATEMENT
Title Opportunity in world market for the Thai rubber glove manufacturers who use innovative production
260 ## - PUBLICATION, DISTRIBUTION, ETC. (IMPRINT)
Name of publisher Rubber International Magazine
Year of publication 2003
300 ## - PHYSICAL DESCRIPTION
Number of Pages 66-70
650 ## - SUBJECT ADDED ENTRY--TOPICAL TERM
Topical Term Rubber glove
650 ## - SUBJECT ADDED ENTRY--TOPICAL TERM
Topical Term Rubber market
650 ## - SUBJECT ADDED ENTRY--TOPICAL TERM
Topical Term Thailand
942 ## - ADDED ENTRY ELEMENTS (KOHA)
Koha item type Journals
Holdings
Withdrawn status Lost status Damaged status Not for loan Home library Current library Shelving location Date acquired Serial Enumeration / chronology Koha item type
      Journals RRII Library RRII Library Agricultural economics 17/12/2021 Volume 5, Issue 7 Journals